Ческа книжовна реч в образци (Запис номер 344926)
[ съкратено ]
| 000 -Лидер | |
|---|---|
| Контролно поле с фиксирана дължина | 01278nam a2200325 a 4500 |
| 003 - Код на организацията, давaща контролен номер | |
| Контролно поле | BLK |
| 005 - Дата и час на последна редакция | |
| Контролно поле | 20230623112941.0 |
| 008 - Елементи от данни с фиксирана дължина | |
| fixed length control field | 180911b bul|||||r ||||||| ||bul|| |
| 010 ## - Наследен системен номер | |
| LC control number | 004594 |
| 040 ## - Източник на каталожния запис | |
| Идентификатор на билиотеката - собственик на записа | BLK |
| 041 ## - Код за език | |
| Код за езика на текст/звукозапис или на отделно заглавие | Чешки |
| Код за езика КДБФ | Други славянски езици |
| 080 ## - УДК | |
| Текстов определител УДК | Чешки език |
| УДК код - определител по УДК | 811.162.3 |
| УДК - код + определител | 811.162.3 |
| 080 ## - УДК | |
| Текстов определител УДК | Чешка литература |
| УДК код - определител по УДК | 821.162.3 |
| УДК - код + определител | 821.162.3 |
| 100 ## - Редна дума - Автор | |
| Автор | Романски, Стоян Маринов, 1882-1959 |
| Авторска отговорност | първи автор |
| R(LIN) | 261437 |
| 139 ## - Редно поле | |
| Редна дума | Романски, Стоян Маринов |
| 245 00 - Сведения за заглавието | |
| Заглавие | Ческа книжовна реч в образци |
| Редно поле (дума) | Стоян Маринов Романски |
| 260 ## - Област на издателските данни | |
| Място на издаване, разпространение и проч. | София |
| Име на издателя, разпространителя и проч. | Унив. печ. |
| Година на издаване | 1942 |
| 300 ## - Физическа характеристика | |
| Страници | IV, 420 с., 8 л |
| Илюстрации и др. | ил. |
| Размери/Мащаб | 24 см |
| 380 ## - Жанр | |
| Жанр | Езикознание. Филология |
| 490 ## - СЕРИИ (Колекции) | |
| Име на серия | Университетска библиотека |
| 9 (RLIN) | 201494 |
| №: серия | 241 |
| 490 ## - СЕРИИ (Колекции) | |
| Име на серия | Частна колекция - Академик Михаил Арнаудов |
| Бележки за серията | Дарение - Основен фонд |
| 650 #0 - Допълнително описание по предмет – тема | |
| Основно описание – тема или топоним | Чешки език |
| 9 (RLIN) | 328325 |
| 653 #7 - Ключова дума – ненормативна | |
| 9 (RLIN) | 194324 |
| Ключова дума | правоговор |
| 653 #7 - Ключова дума – ненормативна | |
| 9 (RLIN) | 194329 |
| Ключова дума | правопис |
| 655 ## - Ключова дума – жанр/разновидност | |
| Данни за жанр/разновидност или ключова дума за фокус | Езикознание |
| 852 ## - Местоположение | |
| Форматна сигнатура | МА 3400 |
| Фондова буква | Фонд "Михаил Арнаудов" |
| 852 ## - Местоположение | |
| Форматна сигнатура | Цб 4.230.18844 |
| Фондова буква | Хранилище |
| 999 ## - СИСТЕМНИ КОНТРОЛНИ НОМЕРА | |
| Koha biblionumber | 344926 |
| Koha biblioitemnumber | 344926 |
| 942 ## - АРТИКУЛИ | |
| Вид на библиотечния материал | Книги |
| Скрит в OPAC | Не |
| Периодичен библиозапис | Да |
| 944 ## - СЪЗДАВАНЕ И РЕДАКЦИЯ на ЗАПИСА | |
| Създаване/Редакция | Редакция |
| Дата на регистрацията/редакция | 2021-04-13 |
| Служител, извършил регистрацията/редакцията | ГГГ |
| Код за отписване | Код за изгубен артикул | Източник на класификационната схема | Код за повреда | Коз за рестрикции | Код за отдаване | Артикулен № | Име на библиотеката - собственик | Име на библиотеката, в която се намира в момента | Статус (Текущо местоположение) | Местоположение - отдел | Цена в лева | Номерация (Хронология) | Инвентарен номер | Систематично азбучна сигнатура | Баркод | Номер на екземпляра | Цена в евро | Служебен тип на артикула | Дата на вписване в системата |
|---|---|---|---|---|---|---|---|---|---|---|---|---|---|---|---|---|---|---|---|
| Не е изгубен | Universal Decimal Classification | Не е повреден | без рестрикции | Специални фондове ( старопечатни, редки и ценни, фонд М. Арнаудов) | 745405 | Регионална библиотека "Любен Каравелов" Русе | Регионална библиотека "Любен Каравелов" Русе | Фонд "Михаил Арнаудов" | Фонд "Михаил Арнаудов" | 300.00 | 589475 | МА 3400 | 120000589475 | 1 | 153.39 | Книги | |||
| Не е изгубен | Universal Decimal Classification | Не е повреден | само за читалня | ползва се в читалня | 823725 | Регионална библиотека "Любен Каравелов" Русе | Регионална библиотека "Любен Каравелов" Русе | Хранилище | Основен фонд - ползва се само за читалня | 1.25 | 18844 | Цб 4.230.18844 | 900000052312 | 0.64 | Книги | 2021-04-15 |